Cursos : educació en el lleure i Gestió asociativa : setembre- desembre 2004 educació en el lleure i Gestió asociativa :
Descripción Física:
49 p. : il. ; 21 cm
Materias:
Lleure – cursos
MARC
| LEADER | 00000nam a2200000Ia 4500 | ||
|---|---|---|---|
| 001 | 24515 | ||
| 008 | 160829s9999 xx 000 0 cat d | ||
| 080 | |a FU-67-13 | ||
| 245 | |a Cursos : |b educació en el lleure i Gestió asociativa : |b setembre- desembre 2004 | ||
| 260 | |a Barcelona : |b Suport Associatiu Centre d’estudis : |b Fundació Catalana de l’Esplai, [2004] | ||
| 300 | |a 49 p. : |b il. ; |c 21 cm | ||
| 590 | |a Amb la col·laboració de l’Institut Català del Voluntariat i el Departament de Treball i Indústria de la Generalitat de Catalunya | ||
| 650 | |a Lleure – cursos |9 49595 | ||
| 710 | 1 | |a Catalunya. |b Generalitat |9 12125 | |
| 901 | |a Arxiu | ||
| 942 | |n 1 | ||
| 952 | |0 0 |1 0 |4 0 |6 FU6713 |7 1 |9 55464 |a Arxiu |b Arxiu |d 2016-12-01 |l 0 |o FU-67-13 |p 24515 |r 2016-12-01 00:00:00 |w 2016-12-01 |y ARXIU | ||
| 999 | |c 59337 |d 59337 | ||